000 00552nam a2200241 a 4500
001 nice12345678
003 IN_TiNIC
005 20260116012414.0
008 050524s1982 paka grp 000 0 urd
020 _a
_c12
082 0 0 _a245
_bASE
100 _aAseem,
245 _aSare Shahre Sang Badast
260 _aPakistan
_bFaisal Abad
_c1982
300 _a88p
500 _aincludes index and biblioraphy
505 2 _apelican book
650 _aChristian-Poetry
700 1 _aAseem,
902 _bSRS
942 _cBK
999 _c6892
_d6892